000 00397nam a2200157Ia 4500
008 151213s9999 xx 000 0 und d
100 _aJames A. O' Brien
245 _aManagement Information System
_cJames A. O' Brien
250 _a7th
260 _aDelhi
_bMc Grow Hill
_c2006
300 _a4185 p.
650 _aComputer
650 _aComputer
700 _aJames A. O' Brien
999 _c2610
_d2610